01037nam a2200253 a 450000100100000000500170001000800410002702000150006804000250008308200190010810000250012724000530015224501300020526000380033530000300037350000480040353400630045165000580051470000290057270000390060104900090064095201170064999900170076600002142020200930011325.0100907s1988 mx a r 000 | spa d a9686642684 aDO-SdBNPbspacBNPHU a320.973bS696d1 aSomit, Albert94469210aThe devolopment of american politicallespañol13aEl desarrollo de la ciencia política estadunidense /cAlbert Somit, Joseph Tanenhaus; traducción, José Luis González. aMéxico D. F. :bGernika,c1988. a295 p. , :bil. ;c21 cm. aIncluye notas y refencia al pie de página aTítulo original :tThe devolopment of american political 4aCiencias políticasxEstados unidosxHistoria9446931 aTanenhaus, Joseph9446941 aGonzález, José Luisetr.95327 aBNGR 001050718MOaGRbGRcCTd2010-09-07iLF1l0o320.973 S696dp21420-10r2020-06-25w2020-06-25y1ZNo se presta c20920d20920